000 00638nam a22001697a 4500
003 OSt
005 20260409150129.0
008 260409b |||||||| |||| 00| 0 eng d
040 _cMRSPTU
041 _aEnglish
100 _aAastha Chawla, Supervisor: K. S. Sandhu
245 _a Modification of Foxtail Millet Starch by Heat Moiture Treatment and Microwave Heatingh: Physiochemical, Morphological and Tablet Making Properties
260 _bDepartment of Food Science & Technology, MRSPTU, Bathinda
_c2025
650 _aFood Science & Technology
856 _uhttp://163.47.215.52:8080/jspui/handle/123456789/893
942 _2ddc
_cTH
_n0
999 _c11444
_d11444